00305nam a2200121Ia 4500008004100000040001600041041001200057082001700069100002300086245003900109260002400148300001100172230917s9999||||xx |||||||||||||| ||und|| e88540aMAIN aEnglish a301.045 D74M aDoshi, Shambhu Lal 0aMax weber : Smajshastriya adhyayan aJaipurbRawatc1996 a158 p.